00699nam a22001937a 450000500170000001000150001702000260003203500130005803700130007108200110008410000200009524500530011526000280016827001100019630000340030694200250034099900170036595201230038220140620120701.0 aENG-108341 a9788191045710c395.00 aEN-91874 bDBAD/PUB a230.31 aVenkataraman,M. aYathni's travel to Kailash /cby M. Venkataraman aBangalorebAuthorc2012 aG-10, Ground Floor, Innovative Timberleaf, Somasundarapalaya, H.S.R. Layout, Sector IIbBangaloree560102 aviii,140p. :bill.c22cm(pbk) 2ddccENh230.31mVEN c78717d78717 001040708FICaDBADbDBADd2013-08-22eDBAD/PUBg395.00l0o230.31 VENpEN-91874r2013-08-22 00:00:00t1v395.00yEN